| 000 | 00376nam a22001337a 4500 | ||
|---|---|---|---|
| 020 | _a9789382332091 | ||
| 082 |
_a624.1821 _bBHA/DE |
||
| 100 |
_aBhavikatti, S.S _926 |
||
| 245 | _aDesign of steel structures: By limit state method as per IS:800-2007 | ||
| 250 | _a3rd | ||
| 260 |
_aNew Delhi _bI.K International Publishing House Pvt. Ltd. _c2012 |
||
| 300 | _a406 | ||
| 942 | _cBK | ||
| 999 |
_c14079 _d14079 |
||